| 000 | 00707cam a22002413a 4500 | ||
|---|---|---|---|
| 001 | 39124 | ||
| 003 | PGUSA | ||
| 005 | 20140828083852.0 | ||
| 008 | 120310s2012||||xxu|||||s|||||000 | eng d | ||
| 040 |
_aPGUSA _beng |
||
| 042 | _adc | ||
| 050 | 4 | _aBL | |
| 100 | 1 |
_aWheeler, J. M. _q(Joseph Mazzini), _d1850-1898 |
|
| 245 | 1 | 0 |
_aVoltaire : _bA Sketch of his Life and Works _h[electronic resource] / _cJ. M. Wheeler |
| 260 |
_bProject Gutenberg, _c2012 |
||
| 506 | _aPublic domain in the USA. | ||
| 516 | _aElectronic text | ||
| 653 | _aVoltaire, 1694-1778 | ||
| 653 | _aFreethinkers -- Biography | ||
| 830 | 0 |
_aProject Gutenberg _v39124 |
|
| 856 | 4 | 0 | _uhttp://www.gutenberg.org/ebooks/39124 |
| 942 | _cEB | ||
| 999 |
_c268377 _d268377 |
||